Les registres de Nicolás III (1277-1280) (Record no. 155876)

MARC details
000 -LEADER
campo de control de longitud fija 01243nam a2200277 i 4500
001 - NÚMERO DE CONTROL
campo de control 155876
003 - IDENTIFICADOR DE NÚMERO DE CONTROL
campo de control ES-MaACL
005 - FECHA Y HORA DE LA ÚLTIMA TRANSACCIÓN
campo de control 20230906210232.0
008 - DATOS DE LONGITUD FIJA--INFORMACIÓN GENERAL
campo de control de longitud fija 040930m18981905fr |||| | lat d
110 2# - ENTRADA PRINCIPAL--NOMBRE DE ENTIDAD CORPORATIVA
Nombre de entidad corporativa o nombre de jurisdicción como elemento de entrada Iglesia Católica.
Unidad subordinada Papa (1277-1280: Nicolás III)
9 (RLIN) 167944
245 14 - MENCIÓN DEL TÍTULO
Título Les registres de Nicolás III (1277-1280)
Resto del título : recueil des bulles de ce Pape, publiées ou analysées d'après les manuscrits originaux des Archives du Vatican /
Mención de responsabilidad, etc. par Jules Gay.
260 ## - PUBLICACIÓN, DISTRIBUCIÓN, ETC.
Lugar de publicación, distribución, etc. Paris :
Nombre del editor, distribuidor, etc. Albert Fontemoing,
Fecha de publicación, distribución, etc. 1898-1905 (
Lugar de fabricación/manufactura Toulouse :
Fabricante Imp. A. Chauvin et Fils)
300 ## - DESCRIPCIÓN FÍSICA
Extensión 1 v. ;
Dimensiones 33 cm.
490 1# - MENCIÓN DE SERIE
Mención de serie Bibliothèque des Ecoles Françaises d'Athènes et de Rome. Secondième série ;
Designación de volumen o secuencia 14
500 ## - NOTA GENERAL
Nota general Datos tomados de cub.
505 8# - NOTA DE CONTENIDO CON FORMATO
Nota de contenido con formato Fascículos: 1 (112 p.) - 2 (208 p.)
594 ## - Nota al título y mención de responsabilidad
Nota al título y mención de responsabilidad Texto en latín, a dos col.
650 04 - PUNTO DE ACCESO ADICIONAL DE MATERIA--TÉRMINO DE MATERIA
Término de materia o nombre geográfico como elemento de entrada Bulas pontificias.
9 (RLIN) 10642
650 #4 - PUNTO DE ACCESO ADICIONAL DE MATERIA--TÉRMINO DE MATERIA
Término de materia o nombre geográfico como elemento de entrada Historia eclesiástica-
Subdivisión cronológica S.XIII-
Subdivisión de forma Fuentes.
9 (RLIN) 167941
700 0# - ENTRADA AGREGADA--NOMBRE PERSONAL
Nombre de persona Nicolás
Numeración III
Títulos y otros términos asociados al nombre , Papa.
9 (RLIN) 167945
700 1# - ENTRADA AGREGADA--NOMBRE PERSONAL
Nombre de persona Gay, Jules.
9 (RLIN) 127268
752 ## - ENTRADA AGREGADA--NOMBRE JERÁRQUICO DEL LUGAR
País o entidad superior Francia -
Ciudad París
830 0# - PUNTO DE ACCESO ADICIONAL DE SERIE-TÍTULO UNIFORME
Título uniforme Bibliothèque des Ecoles Françaises d'Athènes et de Rome. Secondième série ;
Designación de volumen o secuencia 14
9 (RLIN) 221622
852 ## - LOCALIZACIÓN
Ubicación ES-MaACL
Número de control de estantería C-7453
condición física - Sólo los fasc. 1 y 2
Holdings
Estatus retirado Estado de pérdida Estado de daño No para préstamo Colección Biblioteca de origen Biblioteca actual Ubicación en estantería Fecha de adquisición Fuente de adquisición Total de préstamos Signatura topográfica completa Código de barras Visto por última vez Precio de reemplazo Tipo de ítem Koha
        Libros del s. XIX Biblioteca del Ateneo de Madrid Biblioteca del Ateneo de Madrid Sala Palomar 17/01/2008     C-7453 1163059 23/02/2023 23/02/2023 Libro impreso antiguo